Cải cách và chấn hưng giáo dục

Wedi'i Gadw mewn:
Manylion Llyfryddiaeth
Prif Awdur: Hoàng, Tụy
Fformat: Llyfr
Iaith:Undetermined
Cyhoeddwyd: Thành phố Hồ Chí Minh Tổng hợp Thành phố Hồ Chí Minh 2005
Pynciau:
Tagiau: Ychwanegu Tag
Dim Tagiau, Byddwch y cyntaf i dagio'r cofnod hwn!
Thư viện lưu trữ: Trung tâm Học liệu Trường Đại học Cần Thơ
LEADER 00590nam a2200205Ia 4500
001 CTU_100779
008 210402s9999 xx 000 0 und d
020 |c 255000 
082 |a 379.597 
082 |b T523 
100 |a Hoàng, Tụy 
245 0 |a Cải cách và chấn hưng giáo dục 
245 0 |c Hoàng Tụy 
260 |a Thành phố Hồ Chí Minh 
260 |b Tổng hợp Thành phố Hồ Chí Minh 
260 |c 2005 
650 |a Education 
650 |z Vietnam 
904 |i Hiếu 
980 |a Trung tâm Học liệu Trường Đại học Cần Thơ